| 000 | 00765nam a22002177a 4500 | ||
|---|---|---|---|
| 999 |
_c15505 _d15505 |
||
| 003 | AR-CdUCM | ||
| 008 | 190427b ||||| |||| 00| 0 spa d | ||
| 040 |
_aMUNICIPALIDAD PROVINCIAL DEL CUSCO _cBIBLIOTECA MUNICIPAL DEL CUSCO |
||
| 082 |
_a790 / _bH19 / 1917 |
||
| 100 |
_aHamer, S. H. _934599 |
||
| 245 | _aEl mundo animal para niños / | ||
| 260 |
_aBarcelona : _bRamón Sopena, _c1917. |
||
| 300 |
_a61 páginas ; _bIlustraciones, _c25 cm. |
||
| 440 |
_aBiblioteca para niños ; _934600 |
||
| 505 | _aContenido: El mundo animal para niños -- Leones y tigres -- El hirax -- Monos y micos -- El mejor antílope ... | ||
| 650 |
_aZoología _918986 |
||
| 650 |
_aFauna _925064 |
||
| 650 |
_aNaturaleza _94241 |
||
| 942 |
_2ddc _cLIBROS |
||
| 945 |
_aacv _d2019-04-27 |
||